• 首页
  • 本馆介绍
  • 公告通知
  • 最新文献
  • 馆藏检索
  • 电子资源
  • 读者导购
  • 参考咨询
  • 我的图书馆
  • 登录
  • 详细信息显示
  • 放入我的书架
  • 预约/预借图书
  • 作者相关作品
  • 分类相关作品
  • 丛书相关作品
  • 出版社相关作品

书目信息

  • 表格格式
  • 工作单格式
  • 卡片格式
题名:
考茨基言论
    
 
作者: ;中共中央马恩列斯著作编译局资料室 编
分册:  
出版信息: 北京   三联书店  1973
页数: 549页
开本: 21cm
丛书名:
单 册:
中图分类: D122
科图分类:
主题词: 国际共产主义运动
电子资源:
ISBN:
000 00681nam0 2200193 450
001 0631730578
005 20060728085057.87
010    @dCNY1.20
100    @a20060728d1973 km y0chiy0120 ea
101 0  @achi
200 1  @a考茨基言论@Akao ci ji yan lun@f中共中央马恩列斯著作编译局资料室编@Fzhong gong zhong yang ma en lie si zhu zuo bian yi ju zi liao shi bian
210    @a北京@c三联书店@d1973
215    @a549页@d21cm
300    @a机会主义、修正主义资料选编
606 0  @a国际共产主义运动
690    @aD122@v3
711  0 @a中共中央马恩列斯著作编译局资料室@Azhong gong zhong yang ma en lie si zhu zuo bian yi ju zi liao shi@4编
801  0 @aCN@bPFT@c20060728
905    @a10447@dD122@e10
    
    考茨基言论/中共中央马恩列斯著作编译局资料室编.-北京:三联书店,1973
    549页;21cm
    机会主义、修正主义资料选编
    
    ISBN :CNY1.20
    
●
相关链接 在E读中查询图书 在五车中查询图书 在当当中查询图书 在豆瓣中查询图书


正题名:考茨基言论     索取号:D122/10         预约/预借

序号 登录号 条形码 馆藏地/架位号 状态 备注
1 0440242   204402422   密集书库/ [索取号:D122/10] 在馆    
唐山师范学院图书馆 欢迎您!
大连网信软件有限公司© 版权所有